| 000 | 00357nam a2200145Ia 4500 | ||
|---|---|---|---|
| 008 | 210210b1933 xxu||||| |||| 00| 0 eng d | ||
| 041 | _aeng | ||
| 082 | _a829/242 | ||
| 100 | _aDE LA MARE (Walter) | ||
| 245 | _aOmnibus | ||
| 260 |
_aLondon _bW Collins Sons and Company Limited _c1933 |
||
| 650 | _aOmnibus | ||
| 690 | _aEnglish Fiction | ||
| 906 | _a016847 | ||
| 999 |
_c136681 _d136681 |
||